La cloche du Rhin (Record no. 170996)

MARC details
000 -LEADER
campo de control de longitud fija 00872nam a2200217 i 4500
001 - NÚMERO DE CONTROL
campo de control 170996
003 - IDENTIFICADOR DE NÚMERO DE CONTROL
campo de control ES-MaACL
005 - FECHA Y HORA DE LA ÚLTIMA TRANSACCIÓN
campo de control 20230906214520.0
008 - DATOS DE LONGITUD FIJA--INFORMACIÓN GENERAL
campo de control de longitud fija 090421s1898 fr |||| | fre d
080 ## - NÚMERO DE LA CLASIFICACIÓN DECIMAL UNIVERSAL
Número de la Clasificación Decimal Universal 782.1
100 1# - ENTRADA PRINCIPAL--NOMBRE DE PERSONA
Nombre de persona Montorgueil, Georges.
9 (RLIN) 139876
245 13 - MENCIÓN DEL TÍTULO
Título La cloche du Rhin
Resto del título : drame lyrique en trois actes /
Mención de responsabilidad, etc. Georges Montorgueil & P.-B.Gheusi ; musique de Samuel Rousseau.
260 ## - PUBLICACIÓN, DISTRIBUCIÓN, ETC.
Lugar de publicación, distribución, etc. Paris :
Nombre del editor, distribuidor, etc. Ernest Flammarion,
Fecha de publicación, distribución, etc. [1898?]
300 ## - DESCRIPCIÓN FÍSICA
Extensión 52 p., [2] p. de lám., [7] h. de lám. ;
Dimensiones 19 cm.
500 ## - NOTA GENERAL
Nota general Représenté pour la première fois au théatre national de l'Opéra (mai1898)
599 ## - NOTA A LAS ILUSTRACIONES
NOTA A LAS ILUSTRACIONES Lám.: Dessins de Bianchini et de Amable.
650 #4 - PUNTO DE ACCESO ADICIONAL DE MATERIA--TÉRMINO DE MATERIA
Término de materia o nombre geográfico como elemento de entrada Óperas-
Subdivisión de forma Libretos.
9 (RLIN) 137584
700 1# - ENTRADA AGREGADA--NOMBRE PERSONAL
Nombre de persona Gheusi, Pierre-Barthélemy.
9 (RLIN) 139877
700 1# - ENTRADA AGREGADA--NOMBRE PERSONAL
Nombre de persona Rousseau, Samuel.
9 (RLIN) 139878
852 4# - LOCALIZACIÓN
Ubicación ES-MaACL
Número de control de estantería E-12587
Nota libre . - Biblioteca Jacinto Martínez Lacalle
Holdings
Estatus retirado Estado de pérdida Estado de daño No para préstamo Colección Biblioteca de origen Biblioteca actual Ubicación en estantería Fecha de adquisición Fuente de adquisición Total de préstamos Signatura topográfica completa Código de barras Visto por última vez Precio de reemplazo Tipo de ítem Koha
        Libros del s. XIX Biblioteca del Ateneo de Madrid Biblioteca del Ateneo de Madrid Depósito 2 21/04/2009     E-12587 1179459 23/02/2023 23/02/2023 Libro impreso antiguo